stranger things ships - Statistics

General Stats
  • This quiz has been taken 343 times
  • The average score is 8 of 15
Answer Stats
1 name answer % Correct
lucas lumax
85%
eleven mileven
81%
mike byler
77%
nancy stancy
73%
eddie steddie
73%
jonathan jancy
67%
hopper jopper
64%
max elmax
56%
robin ronance
47%
steve stobin
43%
dustin duzie
33%
steve stonathan
30%
chrissy chreddie
28%
argyle jargyle
23%
robin reddie
6%
No matching quizzes found
Score Distribution
Percent of People with Each Score
Percentile by Number Answered
Your Score History
You have not taken this quiz